00563 a2200181 4500001000700000003000400007005001700011008004100028082001900069245005900088250002400147260002800171300001000199653003100209942001200240999001500252952011400267067912OSt20220111121504.0  a305.4201bE72E1 aEcofeminism and globalizationcedited by Heather Eaton aEaton, Heather, ed. aLondonbContinuumc2003 a253p. aEcofeminism; Globalization 2ddccBK c1769d1769 00102ddc40708TXBaCURAJbCURAJd2012-03-07eENGg1641.00o305.4201 E72Ep2199r2024-11-21w2020-09-02yBK